Statistiques concernant Etats et Territoires des 3 Groupes de l'Océanie

Cliquez ici pour prendre le quiz!

Statistiques générales

  • Ce quiz a été pris 52 fois
  • Le résultat moyen est 20 sur 30

Statistiques - réponses

Indice Réponse % Correct
EtatFidji
95%
EtatNauru
93%
EtatTuvalu
93%
TOM (France)Polynésie Française (Tahiti, Bora-Bora, Iles Marquises...)
90%
Territoire FranceNouvelle-Calédonie
90%
EtatVanuatu
90%
EtatSalomon
88%
EtatSamoa
88%
EtatTonga
88%
EtatMarshall
86%
EtatKiribati
83%
EtatPalaos
83%
EtatKiribati
83%
Territoire IndonésienNouvelle-Guinée Occidentale
81%
EtatPapouasie-Nouvelle-Guinée
81%
Etat des USAHawaï
81%
Ile du ChiliIle de Pâques
79%
EtatNouvelle-Zélande
76%
EtatMicronésie
76%
Dépendance USAGuam
64%
TOM (France)Wallis et Futuna
62%
Associé à la Nouvelle-ZélandeIles Cook
55%
Associé à la Nouvelle-ZélandeNiue
50%
Dépendance USAIles Mariannes du Nord
48%
Territoire des USASamoa Américaines
40%
Territoire Royaume-UnisIle Pitcairn
31%
Territoire Nouvelle-ZélandeTokelau
24%
Territoire Nouvelle-ZélandeIle Chatham
7%
Politiquement archipel des 2 états des lignes ci-dessusIles Caroline
5%
Dépendance USAWake
5%

Distribution des résultats

Percentile by Number Answered

% des personnes avec chaque résultat

Votre développement - résultats

Vous n’avez pas pris ce quiz